'Some Thing' Book Words Quiz Stats

Quiz Updated Sep 20, 2014

Challenge
Share
Tweet
Embed
Score 0/91 Timer 05:00
0 Plays Today
Hint Answer % Correct
Douglas AdamsEverything
100%
Ray BradburySomething
100%
Arundhati RoyThings
100%
Roderick ThorpNothing
100%
Maurice SendakThings
100%
Chinua AchebeThings
100%
William ShakespeareNothing
100%
Roddy DoyleThing!
100%
Han SuyinThing
100%
Connie WillisNothing
100%
Jonathan Safran FoerEverything
100%
H.G. WellsThings
100%
Paul AusterThings
100%
Joseph HellerSomething
100%
Danielle SteelThings
100%
LucretiusThings
100%
Bill BrysonEverything
100%
Marcel ProustThings
100%
Harold KushnerThings
100%
Judy BlumeNothing
100%
Han SuyinA
94.8%
Bill BrysonA
94.8%
Judy BlumeA
94.8%
Douglas AdamsThe
92.5%
Arundhati RoyThe
92.5%
Maurice SendakThe
92.5%
Connie WillisThe
92.5%
H.G. WellsThe
92.5%
Paul AusterThe
92.5%
LucretiusThe
92.5%
William ShakespeareAbout
84.6%
Hint Answer % Correct
William ShakespeareMuch
84%
William ShakespeareAdo
83.9%
Arundhati RoyOf
83.1%
Connie WillisOf
83.1%
H.G. WellsOf
83.1%
Paul AusterOf
83.1%
LucretiusOf
83.1%
Bill BrysonOf
83.1%
Marcel ProustOf
83.1%
Judy BlumeOf
83.1%
Maurice SendakAre
78.5%
Maurice SendakWhere
77.5%
Maurice SendakWild
77.3%
Roddy DoyleOh,
74.1%
H.G. WellsCome
73.7%
Connie WillisTo
73.2%
H.G. WellsTo
73.2%
Harold KushnerTo
73.2%
Ray BradburyWay
70.5%
Ray BradburyThis
69.5%
Ray BradburyComes
66%
Ray BradburyWicked
64.1%
Douglas AdamsAnd
60.7%
Chinua AchebeFall
57.4%
Chinua AchebeApart
57.1%
Jonathan Safran FoerIs
56.6%
Bill BrysonHistory
46.7%
Douglas AdamsUniverse
42.9%
Douglas AdamsLife,
41.3%
Judy BlumeGrade
40%
Judy BlumeFourth
39.3%
Hint Answer % Correct
Marcel ProustPast
39.1%
Bill BrysonShort
38.6%
Paul AusterIn
38.5%
Judy BlumeTales
37.5%
Bill BrysonNearly
37.3%
Arundhati RoySmall
36%
LucretiusOn
35.4%
Connie WillisSay
33%
Harold KushnerGood
30.8%
H.G. WellsShape
30.7%
Harold KushnerWhen
30.6%
Roddy DoyleThat
30.4%
Marcel ProustRemembrance
30.1%
Harold KushnerHappen
28.3%
Arundhati RoyGod
28.3%
Harold KushnerBad
27.6%
Harold KushnerPeople
24.7%
Jonathan Safran FoerIlluminated
24.2%
LucretiusNature
14.9%
Joseph HellerHappened
14.9%
Han SuyinMany-
11%
Danielle SteelFine
10.8%
Connie WillisDog
9.3%
Paul AusterLast
8.7%
Han Suyin-Splendoured
8.5%
Roderick ThorpForever
6.9%
Roderick ThorpLasts
6.7%
Roddy DoylePlay
5.2%
Paul AusterCountry
2.8%

You're not logged in!

Compare scores with friends on all Sporcle quizzes.
Join for Free
OR
Log In

You Might Also Like...

Show Comments

Extras

Top Quizzes Today


Score Distribution

Your Account Isn't Verified!

In order to create a playlist on Sporcle, you need to verify the email address you used during registration. Go to your Sporcle Settings to finish the process.

Report this User

Report this user for behavior that violates our Community Guidelines.

Details: